000 00311nam a22001337a 4500
008 181002b xxu||||| |||| 00| 0 eng d
020 _a9780471148876
041 _aeng
080 _23rd
_a159.9
100 _a49
101 _aPSI
245 _aCounselling the culturally different
_cSue,D.W
942 _2udc
_cBK
999 _c48772
_d48772